[Event "FICGS rapid M 000039 email"]
[Site "FICGS email"]
[Date "2011.01.03"]
[Round "1"]
[White "Gazi, Miroslav"]
[Black "Tommasi, Giancarlo"]
[Result "0-1"]
[WhiteElo "2289"]
[BlackElo "2139"]
[PlyCount "124"]
[EventDate "2011.??.??"]
[EventType "tourn (rapid)"]
[EventRounds "6"]
[SourceTitle "Corr 2013"]
[Source "ChessBase"]
[SourceDate "2012.11.12"]
[SourceVersion "1"]
[SourceVersionDate "2012.11.12"]
[SourceQuality "1"]

1. e4 e6 2. d4 d5 3. Nc3 Nf6 4. e5 Nfd7 5. f4 c5 6. Nf3 Nc6 7. Be3 a6 8. Qd2 b5 9. a3 Qb6 10. Ne2 Qc7 11. Ng3 Be7 12. Bd3 h5 13. 0-0 h4 14. Nh1 Na5 15. Nf2 Nc4 16. Qc1 Ndb6 17. Bxc4 dxc4 18. dxc5 Bxc5 19. Ne4 Be7 20. Qd2 c3 21. Qxc3 Qxc3 22. Nxc3 Nc4 23. Nd1 Bb7 24. Nd2 Nxe3 25. Nxe3 g5 26. Rae1 Bc5 27. Nb3 Bb6 28. f5 h3 29. fxe6 fxe6 30. g3 Bd5 31. Rf6 Rc8 32. Na1 Ke7 33. c3 Rhd8 34. Kf1 Be4 35. Nb3 Rd3 36. Kf2 Rcd8 37. g4 Rh8 38. Re2 Rd5 39. Nd2 Rxe5 40. Nxe4 Rxe4 41. Rf3 Rxg4 42. Ke1 Rg1+ 43. Rf1 Rxf1+ 44. Nxf1 Rh4 45. Ng3 Rf4 46. Rd2 Bg1 47. Nh1 Rf3 48. Re2 Kf6 49. Kd2 e5 50. b3 g4 51. Kc2 Bxh2 52. Rxh2 e4 53. c4 bxc4 54. bxc4 g3 55. Nxg3 Rxg3 56. Rh1 Ke5 57. c5 Kd5 58. a4 Kxc5 59. Kd2 Kd4 60. Ke2 e3 61. Rd1+ Ke4 62. Rd8 h2 0-1

[Event "FICGS W-ch st2 g02 email"]
[Site "FICGS email"]
[Date "2009.03.15"]
[Round "1"]
[White "Markus, Roland"]
[Black "Tommasi, Giancarlo"]
[Result "1/2-1/2"]
[WhiteElo "2104"]
[BlackElo "2026"]
[PlyCount "98"]
[EventDate "2009.??.??"]
[EventType "tourn (corr)"]
[EventRounds "8"]
[SourceTitle "Corr 2022"]
[Source "ChessBase"]
[SourceDate "2021.10.24"]
[SourceVersion "1"]
[SourceVersionDate "2021.10.24"]
[SourceQuality "1"]

1. e4 e6 2. d4 d5 3. Nd2 c5 4. exd5 Qxd5 5. Ngf3 cxd4 6. Bc4 Qd6 7. 0-0 Nf6 8. Nb3 Nc6 9. Nbxd4 Nxd4 10. Nxd4 a6 11. Bb3 Qc7 12. Qf3 Bd6 13. h3 Bh2+ 14. Kh1 Be5 15. Be3 0-0 16. Rad1 Rb8 17. Qe2 b6 18. c3 Bb7 19. Nf3 Bd6 20. Rfe1 b5 21. Bc2 Rfd8 22. Bd4 Nh5 23. Qe3 Bf4 24. Be5 Qxe5 25. Nxe5 Bxe3 26. fxe3 Nf6 27. Kg1 Kf8 28. Rd4 Ke7 29. Red1 Rd5 30. Rxd5 Nxd5 31. Be4 Rf8 32. Rd2 Ba8 33. Kf2 f6 34. Nd3 Rc8 35. g4 a5 36. Bxh7 Rh8 37. Be4 Rxh3 38. Nc5 Rh2+ 39. Ke1 Rh8 40. Kf2 Nb6 41. Bd3 Nc4 42. Bxc4 Rh2+ 43. Ke1 Rxd2 44. Kxd2 bxc4 45. b4 cxb3 46. axb3 Kd6 47. b4 f5 48. g5 e5 49. Nd3 axb4 1/2-1/2

[Event "FICGS W-ch st2 g02 email"]
[Site "FICGS email"]
[Date "2009.03.15"]
[Round "1"]
[White "Tommasi, Giancarlo"]
[Black "Helmer, Janos"]
[Result "1-0"]
[WhiteElo "2026"]
[BlackElo "2146"]
[PlyCount "71"]
[EventDate "2009.??.??"]
[EventType "tourn (corr)"]
[EventRounds "8"]
[SourceTitle "Corr 2022"]
[Source "ChessBase"]
[SourceDate "2021.10.24"]
[SourceVersion "1"]
[SourceVersionDate "2021.10.24"]
[SourceQuality "1"]

1. d4 Nf6 2. Nf3 b6 3. c4 Bb7 4. Nc3 e6 5. a3 d5 6. cxd5 exd5 7. g3 Be7 8. Qa4+ c6 9. Bg2 0-0 10. 0-0 Nbd7 11. Bf4 Re8 12. Rfd1 Bf8 13. Rac1 a5 14. e4 b5 15. Qc2 Nxe4 16. Nxe4 dxe4 17. Ng5 Nf6 18. Nxe4 Nd5 19. Bd2 Qb6 20. Nc5 Bc8 21. Re1 Rxe1+ 22. Rxe1 g6 23. Re8 Nc7 24. Rxf8+ Kxf8 25. Qe4 f6 26. Qh4 Kg7 27. Bh6+ Kf7 28. Bg5 fxg5 29. Qxh7+ Kf8 30. Qxg6 Rb8 31. Qf6+ Kg8 32. Qxg5+ Kf8 33. Qf6+ Kg8 34. Qg6+ Kf8 35. Qh6+ Kg8 36. Be4 1-0

[Event "FICGS W-ch st1 g09 email"]
[Site "FICGS email"]
[Date "2008.07.08"]
[Round "1"]
[White "Mach, Jiri"]
[Black "Tommasi, Giancarlo"]
[Result "0-1"]
[WhiteElo "1261"]
[BlackElo "1800"]
[PlyCount "46"]
[EventDate "2008.??.??"]
[EventType "tourn (corr)"]
[EventRounds "8"]
[SourceTitle "Corr 2022"]
[Source "ChessBase"]
[SourceDate "2021.10.24"]
[SourceVersion "1"]
[SourceVersionDate "2021.10.24"]
[SourceQuality "1"]

1. e4 e5 2. Nf3 Nf6 3. d4 Nxe4 4. Bd3 d5 5. Nxe5 Nd7 6. Nxd7 Bxd7 7. 0-0 Bd6 8. c4 c6 9. cxd5 cxd5 10. Qh5 0-0 11. Qxd5 Bc6 12. Qh5 g6 13. Qh6 Re8 14. Nc3 Qb6 15. Rd1 Rac8 16. Bf4 Nxf2 17. Kxf2 Qxd4+ 18. Be3 Rxe3 19. Qxe3 Qh4+ 20. Kf1 Re8 21. Qf2 Qxh2 22. Qg1 Qf4+ 23. Qf2 Qh6 0-1

[Event "FICGS W-ch st1 g09 email"]
[Site "FICGS email"]
[Date "2008.07.08"]
[Round "1"]
[White "Tommasi, Giancarlo"]
[Black "Clement, Etienne"]
[Result "1-0"]
[WhiteElo "1800"]
[BlackElo "1743"]
[PlyCount "119"]
[EventDate "2008.??.??"]
[EventType "tourn (corr)"]
[EventRounds "8"]
[SourceTitle "Corr 2022"]
[Source "ChessBase"]
[SourceDate "2021.10.24"]
[SourceVersion "1"]
[SourceVersionDate "2021.10.24"]
[SourceQuality "1"]

1. d4 Nf6 2. Nf3 c5 3. d5 d6 4. Nc3 Bf5 5. Nd2 Na6 6. e4 Bd7 7. Be2 Nc7 8. a4 e6 9. Nc4 exd5 10. exd5 Be7 11. 0-0 0-0 12. Bf4 Bf5 13. Bf3 Re8 14. Re1 Bf8 15. Rxe8 Ncxe8 16. h3 h6 17. Qd2 Nc7 18. b3 Qd7 19. Re1 Bg6 20. Bh2 Re8 21. Rxe8 Ncxe8 22. Be2 Ne4 23. Nxe4 Bxe4 24. f3 Bf5 25. g4 Bg6 26. Bd3 Bxd3 27. Qxd3 g6 28. Kg2 Bg7 29. Qd2 Qe7 30. Bg3 Bf6 31. Qe3 Qxe3 32. Nxe3 b6 33. Nc4 Be7 34. Kf2 Kf8 35. Ke2 Nf6 36. Nxd6 Nxd5 37. Nc8 Nb4 38. Nxa7 Nxc2 39. Nc6 Na1 40. Bc7 Nxb3 41. Bxb6 c4 42. a5 Bc5 43. Bxc5+ Nxc5 44. Kd2 Ke8 45. Kc3 Kd7 46. Ne5+ Kc7 47. Kxc4 Nb7 48. Nxf7 Nxa5+ 49. Kd5 Kd7 50. f4 Ke7 51. Nxh6 Nb3 52. g5 Nd2 53. f5 gxf5 54. h4 Nf3 55. Nxf5+ Kf7 56. Ke4 Nd2+ 57. Kf4 Kg6 58. Ng3 Kf7 59. h5 Kg8 60. g6 1-0

[Event "FICGS W-ch st1 g09 email"]
[Site "FICGS email"]
[Date "2008.07.08"]
[Round "1"]
[White "Tommasi, Giancarlo"]
[Black "Dorin, Iacob"]
[Result "1/2-1/2"]
[WhiteElo "1800"]
[BlackElo "1936"]
[PlyCount "64"]
[EventDate "2008.??.??"]
[EventType "tourn (corr)"]
[EventRounds "8"]
[SourceTitle "Corr 2022"]
[Source "ChessBase"]
[SourceDate "2021.10.24"]
[SourceVersion "1"]
[SourceVersionDate "2021.10.24"]
[SourceQuality "1"]

1. e4 e5 2. Nf3 Nc6 3. Bb5 a6 4. Ba4 Nf6 5. 0-0 b5 6. Bb3 Bb7 7. d3 Bc5 8. a4 0-0 9. Nc3 b4 10. Nd5 Nxd5 11. Bxd5 d6 12. a5 Rb8 13. c3 bxc3 14. bxc3 Ne7 15. Bc4 Ng6 16. Rb1 Qd7 17. d4 Ba7 18. Re1 exd4 19. cxd4 Bxe4 20. Rxb8 Rxb8 21. Rxe4 d5 22. Ne5 Nxe5 23. dxe5 Rd8 24. e6 fxe6 25. Bb3 dxe4 26. Bxe6+ Qxe6 27. Qxd8+ Kf7 28. Qxc7+ Qe7 29. Qc8 Qd6 30. h4 Bc5 31. Qf5+ Kg8 32. Bf4 Qc6 1/2-1/2

[Event "FICGS class C 000050 email"]
[Site "FICGS email"]
[Date "2008.07.06"]
[Round "1"]
[White "Sternik, Ryszard"]
[Black "Tommasi, Giancarlo"]
[Result "0-1"]
[WhiteElo "1811"]
[BlackElo "1800"]
[PlyCount "66"]
[EventDate "2008.??.??"]
[EventType "tourn (corr)"]
[EventRounds "1"]
[SourceTitle "Corr 2022"]
[Source "ChessBase"]
[SourceDate "2021.10.24"]
[SourceVersion "1"]
[SourceVersionDate "2021.10.24"]
[SourceQuality "1"]

1. Nf3 Nf6 2. d4 g6 3. c4 Bg7 4. g3 0-0 5. Bg2 d6 6. Nc3 Nc6 7. 0-0 a6 8. Re1 Rb8 9. Rb1 b5 10. cxb5 axb5 11. b4 e5 12. d5 Nd4 13. Nh4 Bd7 14. e3 Nf5 15. Nxf5 gxf5 16. Bb2 h5 17. Qc2 h4 18. gxh4 Bh6 19. Ne2 Ng4 20. h3 Nxf2 21. Kxf2 Qxh4+ 22. Kg1 Bxe3+ 23. Kh1 Bb6 24. Rf1 f4 25. Ng1 Ra8 26. a3 Kh8 27. Rbe1 Bxg1 28. Rxg1 Rg8 29. Re4 Rg3 30. Bf1 Bxh3 31. Qh2 Rxg1+ 32. Kxg1 Rg8+ 33. Kh1 Rg3 0-1

[Event "FICGS class D 000092 email"]
[Site "FICGS email"]
[Date "2008.06.29"]
[Round "1"]
[White "Munteanu, Sergiu"]
[Black "Tommasi, Giancarlo"]
[Result "0-1"]
[WhiteElo "1800"]
[BlackElo "1800"]
[PlyCount "52"]
[EventDate "2008.??.??"]
[EventType "tourn (corr)"]
[EventRounds "6"]
[SourceTitle "Corr 2022"]
[Source "ChessBase"]
[SourceDate "2021.10.24"]
[SourceVersion "1"]
[SourceVersionDate "2021.10.24"]
[SourceQuality "1"]

1. e4 g6 2. Nf3 c5 3. d3 Nc6 4. g3 Bg7 5. Bg2 d6 6. 0-0 Nf6 7. Nc3 0-0 8. Be3 b5 9. Qd2 b4 10. Ne2 Ng4 11. c3 Rb8 12. h3 Nxe3 13. fxe3 bxc3 14. bxc3 Qa5 15. d4 Ba6 16. Rfb1 Bxe2 17. Qxe2 Qxc3 18. dxc5 dxc5 19. Rd1 Rb2 20. Qe1 Qa3 21. Kh2 Rfb8 22. Qf1 Ne5 23. Nxe5 Bxe5 24. Rd7 Qxe3 25. Rxe7 Qxg3+ 26. Kg1 Qh2# 0-1

[Event "FICGS class D 000092 email"]
[Site "FICGS email"]
[Date "2008.06.29"]
[Round "1"]
[White "Tommasi, Giancarlo"]
[Black "Martinez Camacho, Victor Hugo"]
[Result "1-0"]
[WhiteElo "1800"]
[BlackElo "1485"]
[PlyCount "25"]
[EventDate "2008.??.??"]
[EventType "tourn (corr)"]
[EventRounds "6"]
[SourceTitle "Corr 2022"]
[Source "ChessBase"]
[SourceDate "2021.10.24"]
[SourceVersion "1"]
[SourceVersionDate "2021.10.24"]
[SourceQuality "1"]

1. c4 e5 2. Nc3 Nf6 3. Nf3 Nc6 4. g3 Bb4 5. Nd5 d6 6. Qa4 Bd7 7. Nxb4 Nxb4 8. Qxb4 b6 9. Bg2 a5 10. Qc3 Rb8 11. 0-0 0-0 12. d4 exd4 13. Nxd4 1-0